00694nam a2200193 a 4500001000400000003000900004008004100013040002800054082001600082245003900098260004400137300001400181490001600195500008000211650003100291942001200322999001700334952014900351909CO-ViMGA141112s2004 ck r 000 u spa d aCO-ViMGAbspacCO-ViMGA04aBr 863 C83510aCuentos brasileños del siglo XIX aSantafé de Bogotá : bNorma, c1992 a217, 77 p aCara y cruz aEncuadernado con A propósito de los cuentos brasileños del siglo XIX. 14aCUENTOS BRASILEÑOS94907 2ddccBK c13137d13137 00102ddc40708003aMEVIECARbMEVIECARd2015-12-04hVolumen. 1 | 11/jun/2009l0oBr 863 C835 p909r2015-12-04 00:00:00tEj. 1w2015-12-04yBK